书目信息 |
| 题名: |
新概念英语自学一本通
|
|
| 作者: | ;易学通英语工作室 编 | |
| 分册: | 3 | |
| 出版信息: | 北京 中国水利水电出版社 2005.9 |
|
| 页数: | 336页 | |
| 开本: | 21cm | |
| 丛书名: | 新概念英语(新版)自学辅导丛书 | |
| 单 册: | ||
| 中图分类: | H31 | |
| 科图分类: | ||
| 主题词: | 英语--ying yu--参考资料 | |
| 电子资源: | ||
| ISBN: | 7-5084-3231-2 | |
| 000 | 01018nam0 2200253 45 | |
| 001 | 012006000000 | |
| 005 | 20061030100555.46 | |
| 010 | @a7-5084-3231-2@dCNY20.00 | |
| 100 | @a20060514d2005 em y0chiy0121 ea | |
| 101 | 0 | @achi@aeng |
| 102 | @aCN@b110000 | |
| 105 | @ay z 000yy | |
| 200 | 1 | @a新概念英语自学一本通@Axin gai nian ying yu zi xue yi ben tong@d= New concept English self-study guide@h3@f易学通英语工作室编@zeng |
| 210 | @a北京@c中国水利水电出版社@d2005.9 | |
| 215 | @a336页@d21cm | |
| 225 | 2 | @a新概念英语(新版)自学辅导丛书@Axin gai nian ying yu ( xin ban ) zi xue fu dao cong shu |
| 330 | @a本书以介绍学习方法和强化技能训练为导向,在书中设计了"重点词汇"、"背诵提示"、"趣味阅读"、"写作练习"和"参考答案"等。 | |
| 461 | 0 | @12001 @a新概念英语(新版)自学辅导丛书 |
| 510 | 1 | @aNew concept English self-study guide@zeng |
| 606 | 0 | @a英语@Aying yu@j参考资料 |
| 690 | @aH31@v4 | |
| 711 | 02 | @a易学通英语工作室@Ayi xue tong ying yu gong zuo shi@4编 |
| 801 | 0 | @aCN@c20061030 |
| 905 | @a10447@dH31@eY555 | |
| 新概念英语自学一本通= New concept English self-study guide.3/易学通英语工作室编.-北京:中国水利水电出版社,2005.9 |
| 336页;21cm.-(新概念英语(新版)自学辅导丛书) |
| ISBN 7-5084-3231-2:CNY20.00 |
| 本书以介绍学习方法和强化技能训练为导向,在书中设计了"重点词汇"、"背诵提示"、"趣味阅读"、"写作练习"和"参考答案"等。 |
| ● |
| 相关链接 |
|
|
|
正题名:新概念英语自学一本通
索取号:H31/Y555
 
预约/预借
| 序号 | 登录号 | 条形码 | 馆藏地/架位号 | 状态 | 备注 |
| 1 | 635466 | 206354666 | 语言库209/209语言库 89排3列3层/ [索取号:H31/Y555] | 在馆 | |
| 2 | 635467 | 206354675 | 语言库209/209语言库 89排3列3层/ [索取号:H31/Y555] | 在馆 | |
| 3 | 635468 | 206354684 | 语言库209/209语言库 89排3列3层/ [索取号:H31/Y555] | 在馆 |